000 00383nam a2200157Ia 4500
008 221030s9999 xx 000 0 und d
020 _a8187433418
041 _aEnglish
082 _a105.23
_bCha
100 _aB. S. Chhabra
245 0 _aCobol Programming
_cby B. S. Chhabra
260 _bDhanpat Rai Pub
_aNew Delhi
_c2000
300 _a189
650 _aBE Computer
942 _cBK
999 _c7886
_d7886